Discapacidad: inclusión (Registro nro. 11652)
[ vista simple ]
| 000 -LEADER | |
|---|---|
| fixed length control field | 00681nas a2200217 4500 |
| 005 - DATE AND TIME OF LATEST TRANSACTION | |
| control field | 20190219165825.0 |
| 008 - FIXED-LENGTH DATA ELEMENTS--GENERAL INFORMATION | |
| fixed length control field | 190219b xxu||||| |||| 00| 0 spa d |
| 022 ## - INTERNATIONAL STANDARD SERIAL NUMBER | |
| International Standard Serial Number | 16593383 |
| 082 ## - DEWEY DECIMAL CLASSIFICATION NUMBER | |
| Classification number | Investiga. TEC. Mes enero, Número 34, 2012 |
| 245 ## - TITLE STATEMENT | |
| Title | Discapacidad: inclusión |
| 260 ## - PUBLICATION, DISTRIBUTION, ETC. | |
| Place of publication, distribution, etc. | Costa Rica |
| 260 ## - PUBLICATION, DISTRIBUTION, ETC. | |
| Name of publisher, distributor, etc. | Tecnológico de Costa Rica |
| 260 ## - PUBLICATION, DISTRIBUTION, ETC. | |
| Date of publication, distribution, etc. | 2012 |
| 300 ## - PHYSICAL DESCRIPTION | |
| Extent | 23 páginas |
| 440 ## - SERIES STATEMENT/ADDED ENTRY--TITLE | |
| Title | Investiga.TEC |
| Number of part/section of a work | 34 |
| Volume/sequential designation | Enero |
| 9 (RLIN) | 52367 |
| 650 ## - SUBJECT ADDED ENTRY--TOPICAL TERM | |
| Topical term or geographic name entry element | DISCAPACIDAD |
| 9 (RLIN) | 2359 |
| 650 ## - SUBJECT ADDED ENTRY--TOPICAL TERM | |
| Topical term or geographic name entry element | INCLUSIÓN |
| 9 (RLIN) | 25599 |
| 650 ## - SUBJECT ADDED ENTRY--TOPICAL TERM | |
| Topical term or geographic name entry element | ACCESIBILIDAD DIGITAL |
| 9 (RLIN) | 52368 |
| 773 0# - HOST ITEM ENTRY | |
| Host Biblionumber | 9516 |
| Host Itemnumber | 32830 |
| Main entry heading | |
| Edition | |
| Place, publisher, and date of publication | Costa Rica Tecnológica de Costa Rica 2017 |
| Other item identifier | IT1234ENE |
| Title | Investiga. TEC |
| Record control number | |
| International Standard Serial Number | 16593383 |
| International Standard Book Number | |
| 942 ## - ADDED ENTRY ELEMENTS (KOHA) | |
| Koha item type | Revista |
No hay ítems disponibles.